[Event "Idaho Open (Open)"]
[Site "Pocatello, ID"]
[Date "2012.04.21"]
[Round "1.3"]
[White "Kircher, Caleb Paul"]
[Black "Black, Clancey George"]
[Result "1-0"]
[WhiteElo "1777"]
[BlackElo "1561"]

1. f4 d5 2. Nf3 Nc6 3. e3 Bg4 4. Bb5 Nf6 5. b3 g6 6. Bb2 Bg7 7. O-O O-O 8.
Bxc6 bxc6 9. d3 Nd7 10. Bxg7 Kxg7 11. Qe1 f6 12. Nbd2 e5 13. h3 Be6 14. c4 Nc5
15. d4 Nd3 16. Qg3 e4 17. Ne1 Qd6 18. Nxd3 exd3 19. c5 Qd7 20. Nf3 Bf5 21.
Rad1 Rae8 22. Kf2 Qc8 23. Rd2 Qa6 24. Nh4 Kf7 25. Nxf5 gxf5 26. Qf3 Qa5 27.
Rfd1 Ke6 28. g4 fxg4 29. f5+ Kf7 30. Qxg4 Rg8 31. Qh5+ Kg7 32. Rxd3 Qxa2+ 33.
R1d2 Qb1 34. Qd1 Qxd1 35. Rxd1 Kf7 36. Ra1 Ra8 37. Ra6 Rg5 38. Rxc6 Rxf5+ 39.
Ke2 Rc8 40. b4 Rh5 41. Ra3 Rxh3 42. Rxa7 Re8 43. Rcxc7+ Kg6 44. Re7 Rb8 45.
Ra4 Rh2+ 46. Kd3 Rb2 47. Kc3 Rb1 48. Rd7 Rc1+ 49. Kd2 Rb1 50. Rxd5 R1xb4 51.
Rxb4 Rxb4 52. c6 Rb8 53. c7 Rc8 54. Rc5 Kf7 55. e4 Ke7 56. Rh5 Kd6 57. Rxh7
Rxc7 58. Rxc7 Kxc7 59. Ke3 Kd6 60. Kf4 Ke6 61. Kg4 Ke7 62. Kf5 Kf7 63. d5 Ke7
64. Kg6 Kd6 65. Kxf6 Kd7 66. e5 Ke8 67. Ke6 Kd8 68. Kf7 Kd7 69. e6+ Kd8 70. d6
Kc8 71. Ke8 Kb7 72. d7 Kc6 73. d8=Q Kb7 74. Qd6 Ka8 75. Kf7 Kb7 76. e7 Ka7 77.
e8=R Kb7 78. Re7+ Kc8 79. Qc7# 1-0

[Event "Idaho Open (Open)"]
[Site "Pocatello, ID"]
[Date "2012.04.21"]
[Round "3.1"]
[White "Kircher, Caleb Paul"]
[Black "Belanoff, Ted"]
[Result "0-1"]
[WhiteElo "1777"]
[BlackElo "2077"]

1. Nf3 g6 2. g3 f5 3. Bg2 Bg7 4. d4 Nf6 5. O-O d6 6. c4 O-O 7. Nc3 c6 8. Qc2
Re8 9. Bg5 Qa5 10. e3 Nbd7 11. Rac1 e5 12. dxe5 Nxe5 13. b3 Ne4 14. Nxe4 Nxf3+
15. Kh1 fxe4 16. Bf4 Qh5 17. g4 Bxg4 {#R} 0-1

[Event "Idaho Open (Open)"]
[Site "Pocatello, ID"]
[Date "2012.04.22"]
[Round "4.2"]
[White "Owen, Gary"]
[Black "Kircher, Caleb Paul"]
[Result "0-1"]
[WhiteElo "1608"]
[BlackElo "1777"]

1. e4 d5 2. exd5 Nf6 3. Bb5+ Bd7 4. Bc4 Bg4 5. f3 Bc8 6. Nc3 Nbd7 7. d4 Nb6 8.
Bb5+ Bd7 9. Nge2 Nfxd5 10. O-O Bxb5 11. Nxb5 c6 12. Nbc3 e6 13. Nxd5 cxd5 14.
Bf4 Be7 15. Qd3 O-O 16. Rfe1 Rc8 17. c3 Rc6 18. b3 Qc8 19. a4 Bf6 20. a5 Nd7
21. Rac1 e5 22. Bd2 Rd8 23. Ng3 Qc7 24. b4 Rc4 25. Nh5 exd4 26. Nxf6+ Nxf6 27.
cxd4 Rc8 28. Rxc4 dxc4 29. Qc3 Nd5 30. Qa3 c3 31. Qa4 Qd8 32. Bg5 f6 33. Bh4
c2 34. Rc1 Qc7 35. Be1 Kh8 36. Qb3 Qc4 37. Qb2 Nf4 {#R} 0-1

[Event "ICA Players Mem-Open"]
[Site "Boise, ID"]
[Date "2012.05.19"]
[Round "3.5"]
[White "Kircher, Caleb Paul"]
[Black "Bruck, Nick Jon"]
[Result "1-0"]
[WhiteElo "1777"]
[BlackElo "1454"]

1. f4 d5 2. e3 Nc6 3. Bb5 Bd7 4. Nf3 a6 5. Bxc6 Bxc6 6. b3 e6 7. Bb2 Nf6 8.
O-O Bb5 9. Re1 c5 10. Ne5 Bd6 11. d3 Bxe5 12. fxe5 Nd7 13. Qg4 g6 14. Rf1 Qe7
15. Nd2 h5 16. Qf4 Rf8 17. e4 d4 18. a4 Bc6 19. Nc4 g5 20. Qf3 b5 21. axb5
axb5 22. Rxa8+ Bxa8 23. Nd6+ Kd8 24. Nxf7+ Kc7 25. Qxh5 Qe8 26. Qg6 Rg8 27.
Qh7 Kb6 28. Bc1 c4 29. bxc4 bxc4 30. Bxg5 Rxg5 31. Nxg5 Nxe5 32. Rb1+ Kc6 33.
Qa7 cxd3 34. Rb6+ Kc5 35. Qa5+ Kc4 36. Rb4+ Kc3 37. Rb8+ Kxc2 38. Rxe8 d2 39.
Qa2+ Kd3 40. Qa6+ Nc4 41. Qa1 e5 42. Rb8 Ke2 43. Qf1+ Ke3 44. Qf3# 1-0

[Event "ICA Players Mem-Open"]
[Site "Boise, ID"]
[Date "2012.05.20"]
[Round "4.1"]
[White "Douglas, Kurt P"]
[Black "Kircher, Caleb Paul"]
[Result "1/2-1/2"]
[WhiteElo "1763"]
[BlackElo "1777"]

1. e4 d5 2. exd5 Qxd5 3. Nc3 Qd6 4. d4 c6 5. Nf3 Nf6 6. h3 Bf5 7. Bc4 e6 8.
O-O Be7 9. Re1 O-O 10. Ne2 Nd5 11. Ng3 Nd7 12. Nxf5 exf5 13. Bxd5 cxd5 14. Qd3
g6 15. Bh6 Rfe8 16. Re2 Nf6 17. Ne5 Bf8 18. Bf4 Qb6 19. b3 Re6 20. Rae1 Bg7
21. c4 Rae8 22. c5 Qd8 23. b4 Nd7 24. Nxd7 Rxe2 25. Rxe2 Qxd7 26. Rxe8+ Qxe8
27. Kf1 a6 28. f3 Bf8 29. Qb3 Qb5+ 30. Kf2 Qc6 31. a4 b5 32. axb5 {#d} 1/2-1/2

[Event "ICA Players Mem-Open"]
[Site "Boise, ID"]
[Date "2012.05.20"]
[Round "5.2"]
[White "Kircher, Caleb Paul"]
[Black "Olsoy, Peter John"]
[Result "1-0"]
[WhiteElo "1777"]
[BlackElo "1615"]

1. f4 d5 2. e3 c5 3. Bb5+ Nc6 4. Nf3 a6 5. Bxc6+ bxc6 6. b3 Bg4 7. Bb2 Nf6 8.
O-O e6 9. h3 Bh5 10. d3 Be7 11. Nbd2 O-O 12. g4 Bg6 13. Ne5 Qc7 14. h4 h6 15.
Nxg6 fxg6 16. Qe2 Nd7 17. Qh2 Bd6 18. Nf3 Rae8 19. Ne5 Nxe5 20. fxe5 Be7 21.
d4 Qd8 22. Ba3 Bxh4 23. Bxc5 Rxf1+ 24. Rxf1 Bg5 25. Qf2 Qd7 26. Qf3 Rd8 27.
Qe2 Qb7 28. Rf3 Rd7 29. Rf8+ Kh7 30. Qf3 Qc7 31. b4 Qb7 32. a4 Rc7 33. Bd6 Rd7
34. a5 Qa7 35. Bc5 Qb7 36. Bd6 Qa7 37. Re8 Rf7 38. Qe2 Qd7 39. Ra8 Qb7 40. Rb8
Qa7 41. Rb6 Qa8 42. Kg2 Qc8 43. Rb8 Qd7 44. Qxa6 Bxe3 45. Qa8 Rf2+ 46. Kg3 g5
47. Rb7 Rxc2 48. Rxd7 Bf4+ 49. Kf3 Rc3+ 50. Ke2 Rc2+ 51. Kd3 Rd2+ 52. Kc3 Rh2
53. Rd8 Rh3+ 54. Kb2 Rh2+ 55. Kb3 Rh3+ 56. Ka4 Bc1 57. Rh8+ Kg6 58. Qe8# 1-0

[Event "Meridian Invitational"]
[Site "Meridian, ID"]
[Date "2012.06.23"]
[Round "2.1"]
[White "Kircher, Caleb Paul"]
[Black "Olsoy, Peter John"]
[Result "1-0"]
[WhiteElo "1789"]
[BlackElo "1615"]

1. e4 c5 2. Nc3 d6 3. f4 g6 4. Nf3 Bg7 5. Bc4 Nc6 6. O-O Nf6 7. d3 O-O 8. Qe1
Nd7 9. Ne2 a6 10. a4 Rb8 11. f5 Kh8 12. Qh4 Nde5 13. Ba2 e6 14. Ng5 h6 15. f6
Kg8 16. fxg7 Kxg7 17. Nxe6+ Bxe6 18. Bxh6+ Kg8 19. Bg5 Qxg5 {#r} 1-0

[Event "Meridian Invitational"]
[Site "Meridian, ID"]
[Date "2012.06.23"]
[Round "3.1"]
[White "Kircher, Caleb Paul"]
[Black "Puderbaugh, Kory"]
[Result "1-0"]
[WhiteElo "1789"]
[BlackElo "1232"]

1. e4 c5 2. Nc3 d6 3. f4 Nc6 4. Bb5 Nf6 5. d3 e6 6. Bxc6+ bxc6 7. Nf3 Be7 8.
O-O O-O 9. Kh1 d5 10. e5 Ne8 11. Qe2 Ba6 12. b3 Nc7 13. Ba3 Bb5 14. Nd1 a5 15.
c4 Ba6 16. Nc3 Bb7 17. Qf2 Na6 18. Na4 d4 19. Qe2 Qd7 20. Nd2 f5 21. exf6 Bxf6
22. Ne4 Rae8 23. Naxc5 Nxc5 24. Bxc5 e5 25. Bxf8 Kxf8 26. Nxf6 gxf6 27. fxe5
f5 28. Qh5 Rxe5 29. Rae1 Rc5 30. Qh6+ Kg8 31. Rf3 {#r} 1-0

[Event "WRW Progressive"]
[Site "Hailey, ID"]
[Date "2012.10.06"]
[Round "2.3"]
[White "Gorman, Cody Austin"]
[Black "Kircher, Caleb Paul"]
[Result "0-1"]
[WhiteElo "1383"]
[BlackElo "1816"]

{Game/45;d5} 1. b3 d5 2. Bb2 c5 3. e3 Nf6 4. Nf3 Bg4 5. h3 Bxf3 6. Qxf3 Nbd7
7. g4 e5 8. g5 Ne4 9. d3 Nxg5 10. Qxd5 Qc7 11. Be2 Ne6 12. Bg4 O-O-O 13. Bxe6
fxe6 14. Qxe6 Bd6 15. Nd2 Rde8 16. Qg4 Rhf8 17. Qxg7 Re7 18. Qg2 Nf6 19. Ne4
Nxe4 20. Qxe4 Qa5+ 21. Ke2 Kb8 22. a3 Rxf2+ 23. Kxf2 Qd2+ 24. Kf3 Rf7+ 25. Kg4
Qe2+ 26. Kg5 Be7+ 27. Kh6 Rf6+ 28. Kg7 Rg6+ 29. Kf7 Qf2+ 30. Kxe7 Qf6+ 31. Ke8
Rg8+ 32. Kd7 Rd8# 0-1

[Event "WRW Progressive"]
[Site "Hailey, ID"]
[Date "2012.10.06"]
[Round "4.2"]
[White "Kircher, Caleb Paul"]
[Black "Sawyer, David L"]
[Result "1/2-1/2"]
[WhiteElo "1816"]
[BlackElo "1925"]

{Game/90;d5} 1. e4 c5 2. Nc3 g6 3. f4 Bg7 4. Nf3 Nc6 5. Bb5 Nd4 6. O-O e6 7.
e5 a6 8. Bd3 Nxf3+ 9. Qxf3 d5 10. exd6 Qxd6 11. Ne4 Qc7 12. c3 Bd7 13. Bc2 Ne7
14. d3 Bc6 15. Qf2 b6 16. a4 a5 17. Kh1 Rd8 18. Be3 Nf5 19. Rad1 Nxe3 20. Qxe3
O-O 21. Rde1 {#d} 1/2-1/2

[Event "WIO (Open)"]
[Site "Boise, ID"]
[Date "2012.12.08"]
[Round "2.5"]
[White "Kircher, Caleb Paul"]
[Black "Myers, Hugh S"]
[Result "1-0"]
[WhiteElo "1834"]
[BlackElo "1500"]

1. e4 e5 2. Nf3 Nc6 3. d4 exd4 4. Bc4 h6 5. O-O d6 6. Nxd4 Nxd4 7. Qxd4 Be7 8.
Nc3 Bf6 9. Qd3 Ne7 10. Be3 c5 11. Nb5 O-O 12. a4 Nc6 13. Qxd6 Be7 14. Qg3 Bh4
15. Qf3 Ne5 16. Qe2 Nxc4 17. Qxc4 b6 18. Rfd1 Qe7 19. Nc3 Be6 20. Qe2 Rfd8 21.
Nd5 Bxd5 22. exd5 Bf6 23. c3 Rd6 24. Qf3 Rad8 25. Rd2 Bg5 26. Bxg5 Qxg5 27.
Rad1 Rf6 28. Qg3 Rdd6 29. Qxg5 hxg5 30. c4 a5 31. Re2 g6 32. g3 Rf3 33. Re8+
Kg7 34. Rc8 Rff6 35. Re1 g4 36. Re4 {#r} 1-0

[Event "WIO (Open)"]
[Site "Boise, ID"]
[Date "2012.12.08"]
[Round "3.2"]
[White "Raptis, Nick"]
[Black "Kircher, Caleb Paul"]
[Result "1-0"]
[WhiteElo "2349"]
[BlackElo "1834"]

1. d4 d5 2. Nc3 Nf6 3. Bg5 h6 4. Bh4 e6 5. Nf3 Bb4 6. Bxf6 Bxc3+ 7. bxc3 Qxf6
8. e3 O-O 9. c4 c6 10. Bd3 Nd7 11. O-O Re8 12. cxd5 exd5 13. Rb1 b5 14. Re1
Nb6 15. Ne5 Nc4 16. Bxc4 bxc4 17. c3 Bf5 18. Rb7 Bg6 19. Qa4 Rxe5 20. dxe5
Qxe5 21. Qxc6 Qxc3 22. Rbb1 Rd8 23. Rbd1 Qa5 24. a4 c3 25. Qb5 Qxb5 26. axb5
Kf8 27. Rd4 Ke7 28. e4 dxe4 29. Rxd8 Kxd8 30. Re3 Kc7 31. Rxc3+ Kb6 32. Ra3
Bf5 33. Ra6+ Kb7 34. Rd6 Be6 35. Rd4 Kb6 36. Rxe4 Kxb5 37. Kf1 a5 38. Ke2 a4
39. Kd2 a3 40. Kc3 Kc5 41. Ra4 a2 42. Ra5+ Kd6 43. Kd4 Kc6 44. h4 h5 45. f3 g6
46. g4 Kb6 47. Ra3 Kb5 48. Kc3 hxg4 49. fxg4 Bxg4 50. Rxa2 Kc5 51. Rd2 f5 52.
Rd8 f4 53. Rd4 Bh5 54. Rxf4 Kd5 55. Kd3 Ke5 56. Ke3 Bd1 57. Rf8 Bg4 58. Ra8
Bh5 59. Ra5+ Ke6 60. Kf4 Bd1 61. Kg5 Bc2 62. Ra7 Bd3 63. Rg7 Be4 64. Rxg6+ Kf7
65. Ra6 Kg7 66. h5 Kh7 67. Ra7+ Kg8 68. Re7 Bd3 69. Kh6 Bf5 70. Re8+ Kf7 71.
Re5 Bd3 72. Re3 Bc2 73. Rg3 Kf8 74. Rc3 Be4 75. Rc7 Kg8 76. Rc4 Bd3 77. Rg4+
Kh8 78. Rd4 Bh7 79. Rd8+ Bg8 80. Kg5 Kh7 81. Rd7+ Kh8 82. Kh6 Be6 83. Rh7+ Kg8
84. Re7 Bf5 85. Re8+ Kf7 86. Re5 Bd3 87. Re3 Bc2 88. Rc3 Be4 89. Rc7+ Kg8 90.
Rg7+ Kf8 91. Rg6 Kf7 92. Rg4 Bd3 93. Rg3 Be4 94. Kg5 Bd5 95. Kf4 Ba2 96. h6
Bb1 97. Rg7+ Kf8 98. Kg5 Bd3 99. Kf6 Be4 100. h7 {#r} 1-0

[Event "WIO (Open)"]
[Site "Boise, ID"]
[Date "2012.12.09"]
[Round "5.1"]
[White "Kircher, Caleb Paul"]
[Black "Yermolinsky, Alex"]
[Result "0-1"]
[WhiteElo "1834"]
[BlackElo "2541"]

1. f4 d5 2. Nf3 g6 3. e3 Bg7 4. Be2 c5 5. O-O Nc6 6. Bb5 Bd7 7. c4 a6 8. Bxc6
Bxc6 9. Qe2 dxc4 10. Nc3 b5 11. Ne5 Bxe5 12. fxe5 f6 13. Qf2 Qc7 14. exf6 Nxf6
15. Ne2 O-O 16. Qh4 Ne4 {#R} 0-1

[Event "Idaho Open (Open)"]
[Site "Pocatello, ID"]
[Date "2013.05.18"]
[Round "1.4"]
[White "Nelson, James William"]
[Black "Kircher, Caleb Paul"]
[Result "0-1"]
[WhiteElo "1622"]
[BlackElo "1822"]

1. d4 e6 2. Nf3 f5 3. d5 exd5 4. Qxd5 d6 5. Nc3 c6 6. Qd3 d5 7. Bg5 Be7 8. h4
Nf6 9. O-O-O Ne4 10. Bxe7 Qxe7 11. Qe3 O-O 12. g3 Qf6 13. Nd4 Nd7 14. Nxe4
fxe4 15. f3 Ne5 16. Bg2 Nc4 17. Qg5 exf3 18. Qxf6 Rxf6 19. Bxf3 Ne5 20. Rdf1
Bd7 21. Bg2 Raf8 22. Nf3 Nc4 23. Nd4 Ne3 24. Rxf6 Rxf6 25. Bf3 Kf8 26. Rg1 Ke7
27. Kd2 Nc4+ 28. Kc1 Ne5 29. Rf1 Kd6 30. Bg2 Rg6 31. Nf5+ Bxf5 32. Rxf5 Rxg3
33. Bf3 Rh3 34. h5 Ke6 35. Rf8 Nxf3 36. exf3 Rxh5 37. Rb8 Rf5 38. Rxb7 Rf7 39.
Rb3 h5 40. Kd1 Ke5 41. Ke2 g5 42. Re3+ Kd6 43. b4 Re7 44. Rxe7 Kxe7 45. Kf2
Kf6 46. a4 a6 47. c3 Ke5 48. Kg3 Kf5 49. Kg2 Kf4 50. Kf2 h4 51. a5 h3 {#R} 0-1

[Event "Idaho Open (Open)"]
[Site "Pocatello, ID"]
[Date "2013.05.18"]
[Round "2.1"]
[White "Kircher, Caleb Paul"]
[Black "Leano, Bryan B"]
[Result "0-1"]
[WhiteElo "1822"]
[BlackElo "1938"]

1. e4 c5 2. Nc3 Nc6 3. f4 g6 4. Nf3 Bg7 5. Bb5 Nd4 6. O-O a6 7. Bc4 e6 8. a4
Ne7 9. Nxd4 cxd4 10. Ne2 d5 11. exd5 Nxd5 12. d3 O-O 13. Ng3 b6 14. Bd2 Bb7
15. Qe2 Rc8 16. Rae1 Qd7 17. Bb3 Rfd8 18. Ne4 Ne3 19. Bxe3 dxe3 20. Kh1 Bd5
21. c4 Bc6 22. Qxe3 Qxd3 23. h3 Bxb2 24. Ng5 Qxe3 25. Rxe3 Rd7 26. Rfe1 Rcd8
27. Kh2 Bd4 28. R3e2 Bc5 29. Ne4 Be7 30. Re3 Rd3 31. Ng3 Bh4 32. R1e2 Rxe3 33.
Rxe3 Rd2 34. Ne4 Rb2 {#R} 0-1

[Event "Idaho Open (Open)"]
[Site "Pocatello, ID"]
[Date "2013.05.18"]
[Round "3.4"]
[White "Owen, Gary"]
[Black "Kircher, Caleb Paul"]
[Result "0-1"]
[WhiteElo "1608"]
[BlackElo "1822"]

1. Nf3 d5 2. g3 e6 3. Bg2 f5 4. d3 Nf6 5. O-O Bd6 6. Nbd2 O-O 7. Re1 Bc5 8.
Nb3 Bb6 9. a4 a6 10. Bf4 Nbd7 11. h3 Re8 12. Ne5 c6 13. d4 Nxe5 14. Bxe5 Bc7
15. Bxc7 Qxc7 16. a5 Rf8 17. f4 Ne4 18. Bxe4 fxe4 19. e3 e5 20. Qh5 exf4 21.
exf4 Bf5 22. Kg2 Rae8 23. Re3 Bg6 24. Qe2 Qf7 25. Rf1 Qc7 26. Qd2 h5 27. h4
Bf5 28. Qb4 Bg4 29. Nc5 Rf7 30. Nd3 Qc8 31. Rfe1 Ref8 32. Ne5 Rf6 33. Qd2 Rd8
34. b4 Bf5 35. c3 Qe6 36. Kh2 Qe8 37. Nd3 Bc8 38. Nc5 Qg6 39. Qe2 Rdf8 40. c4
Kh8 41. Na4 Bg4 42. Qa2 Bf3 43. c5 Qg4 44. Qf2 Rf5 45. Nc3 R8f6 46. Ne2 Rg6
47. Ng1 Rxf4 48. Nxf3 Rxf3 49. Rxf3 exf3 50. Re8+ Kh7 51. Rf8 Rf6 52. Rxf6
gxf6 53. Qe3 Kg6 54. Qe8+ Kf5 55. Qd7+ Ke4 56. Qxg4+ hxg4 57. Kg1 Kf5 58. Kf2
Kg6 59. Ke3 Kh5 60. Kf2 f5 61. Ke3 f4+ 62. Kf2 fxg3+ 63. Kxg3 f2 64. Kxf2 Kxh4
65. Kg2 g3 66. Kg1 Kg4 {#R} 0-1

[Event "Idaho Open (Open)"]
[Site "Pocatello, ID"]
[Date "2013.05.19"]
[Round "4.3"]
[White "Kircher, Caleb Paul"]
[Black "Gorman, Cody Austin"]
[Result "1-0"]
[WhiteElo "1822"]
[BlackElo "1673"]

1. e4 c5 2. Nc3 Nc6 3. f4 g6 4. Nf3 Bg7 5. Bb5 Nd4 6. O-O Nxb5 7. Nxb5 a6 8.
Nc3 e6 9. d3 Ne7 10. e5 d5 11. exd6 Qxd6 12. Ne4 Qc7 13. Rb1 O-O 14. Qe1 Bd7
15. Qh4 Nf5 16. Nf6+ Bxf6 17. Qxf6 Qd8 18. Qe5 Rc8 19. Qe1 Nd4 20. c3 Nxf3+
21. Rxf3 Bc6 22. Rh3 Qd5 23. Rg3 Qxa2 24. Be3 Bb5 25. d4 b6 26. Qc1 Qd5 27.
Qd2 Rc7 28. Re1 Rd8 29. Qf2 c4 30. Rg5 f5 31. Bc1 Be8 32. Rg3 b5 33. Re5 Qc6
34. Rge3 Bf7 35. Qh4 Rd5 36. Re1 Qd7 37. Be3 Qd8 38. Qh3 Rcd7 39. Bf2 Qf6 40.
Bh4 Qg7 41. Bg5 Rxe5 42. fxe5 Be8 43. Ra1 Ra7 44. Qf3 Qc7 45. Bf6 Qc6 46. Qe3
Qc7 47. Qg5 Qf7 48. Bd8 Bc6 49. Bb6 Ra8 50. Bc5 Bb7 51. Rf1 Be4 52. Rf4 Bd5
53. g4 Rc8 54. gxf5 exf5 55. Be7 Be6 56. Bd6 Bd5 57. h4 h5 58. Rf1 Re8 59. Ra1
Bb7 60. Kh2 Kh7 61. Rg1 Bd5 62. Rf1 Be4 63. Rf4 Bd5 64. Qg1 Ra8 65. Rf1 Qe6
66. Ra1 Bc6 67. Qg5 Bd5 68. Be7 Qf7 69. Bf6 Be6 70. Qg2 Bd5 71. Qd2 Be6 72.
Bg5 Bd5 73. Qf4 Be6 74. Qg3 Bd5 75. Bf4 Qg7 76. Qg5 Be6 77. d5 Bxd5 78. Rd1
Bc6 79. Rd6 Bd7 80. e6 Be8 81. Qg3 Ra7 82. Qe3 Qe7 83. Kg3 Kg7 84. Qe5+ Qf6
85. Bh6+ {#r} 1-0

[Event "Idaho Open (Open)"]
[Site "Pocatello, ID"]
[Date "2013.05.19"]
[Round "5.1"]
[White "Kircher, Caleb Paul"]
[Black "Morrow, Hans M"]
[Result "0-1"]
[WhiteElo "1822"]
[BlackElo "1900"]

1. e4 c5 2. Nc3 d6 3. f4 g6 4. Nf3 Bg7 5. Bb5+ Nc6 6. O-O a6 7. Bxc6+ bxc6 8.
d3 Nf6 9. Rb1 O-O 10. Qe1 a5 11. Qh4 e6 12. f5 exf5 13. Bg5 Re8 14. Nd2 h6 15.
Bxh6 Nh5 16. Qxd8 Rxd8 17. Bxg7 Nxg7 18. Rbe1 Be6 19. b3 Ra7 20. e5 d5 21. Na4
c4 22. d4 Nh5 23. Nc5 cxb3 24. axb3 Rb8 25. c3 Re8 26. Ra1 Rea8 27. Ra4 Kg7
28. Kf2 g5 29. Rfa1 Nf4 30. g3 Nh3+ 31. Kg2 g4 32. b4 Ng5 33. Ndb3 Ne4 34.
Nxe4 dxe4 35. Rxa5 Rxa5 36. Rxa5 Rh8 37. Nc5 Bd5 38. Ra1 e3+ 39. Kg1 f4 40. c4
Bxc4 41. gxf4 g3 42. h4 Rxh4 43. Kg2 Rxf4 44. Kxg3 Rxd4 45. Kf3 e2 46. Re1 Rd1
47. Kf2 Rd5 48. Ne4 Rxe5 49. Ng3 Rb5 50. Nxe2 Bxe2 51. Rxe2 Rxb4 52. Rc2 Rb6
53. Ke3 Kf6 54. Kd4 Ke6 55. Kc5 Ra6 56. Re2+ Kd7 57. Kc4 Ra5 58. Kd4 Rd5+ 59.
Ke4 Kd6 60. Kf4 c5 61. Ra2 c4 62. Ke3 f5 63. Kf4 Kc5 64. Ke3 Rd3+ 65. Ke2 f4
66. Ra8 Kd4 67. Rd8+ Kc3 68. Rb8 f3+ 69. Ke1 Kc2 70. Rc8 Rc3 71. Rc7 Kb2 72.
Kd1 Rd3+ 73. Ke1 c3 74. Rb7+ Kc1 75. Rb3 Kc2 76. Rb8 Re3+ 77. Kf2 Kd2 78. Rb3
Rd3 79. Ra3 c2 80. Ra2 Kd1 {#R} 0-1

[Event "ICA PM (Open)"]
[Site "Boise, ID"]
[Date "2013.09.21"]
[Round "2.3"]
[White "Sanderson, Kenneth"]
[Black "Kircher, Caleb Paul"]
[Result "0-1"]
[WhiteElo "1700"]
[BlackElo "1823"]
[EventRounds "5"]
[EventCountry "USA"]

1. e4 d5 2. exd5 Nf6 3. Nc3 Nxd5 4. Nxd5 Qxd5 5. Qf3 Qd6 6. Bc4 e6 7. c3 Bd7
8. Ne2 Bc6 9. Qg3 Qxg3 10. hxg3 Bxg2 11. Rg1 Bc6 12. d4 Nd7 13. Bf4 Bd6 14.
O-O-O Nb6 15. Bb3 Bf3 16. Rde1 O-O-O 17. Bd1 Bxe2 18. Bxe2 Bxf4+ 19. gxf4 g6
20. Bg4 Nd5 21. f5 exf5 22. Bf3 c6 23. Bxd5 Rxd5 24. Re7 Rd7 25. Rge1 Rxe7 26.
Rxe7 Rf8 27. Kd2 h5 28. f4 a5 29. Ke2 b6 30. a4 Kd8 31. Ra7 Re8+ 32. Kf3 Re7
33. Ra8+ Kc7 34. Ra7+ Kd6 35. Rxe7 Kxe7 {#R} 0-1

[Event "ICA PM (Open)"]
[Site "Boise, ID"]
[Date "2013.09.22"]
[Round "4.1"]
[White "Hughes, Charles"]
[Black "Kircher, Caleb Paul"]
[Result "1/2-1/2"]
[WhiteElo "1701"]
[BlackElo "1823"]
[EventRounds "5"]
[EventCountry "USA"]

1. c4 e6 2. Nc3 d5 3. cxd5 exd5 4. d4 Nf6 5. Bf4 c6 6. e3 Bf5 7. Bd3 Bxd3 8.
Qxd3 Bb4 9. Nge2 O-O 10. O-O Nh5 11. a3 Nxf4 12. Nxf4 Bd6 13. Nfe2 Re8 14. Ng3
Bxg3 15. hxg3 Nd7 16. Rfe1 Nf6 17. e4 dxe4 18. Nxe4 Nxe4 19. Rxe4 Qd5 20. Rae1
Rxe4 21. Qxe4 Qxe4 22. Rxe4 Kf8 23. Kf1 Re8 24. Rxe8+ Kxe8 25. g4 Ke7 26. Ke2
Ke6 27. Ke3 Kd5 28. Kd3 g5 29. b3 a5 30. f3 b6 31. b4 a4 32. Kc3 f6 33. Kd3
{#d} 1/2-1/2

[Event "ICA PM (Open)"]
[Site "Boise, ID"]
[Date "2013.09.22"]
[Round "5.2"]
[White "Kircher, Caleb Paul"]
[Black "Leslie, Cameron"]
[Result "0-1"]
[WhiteElo "1823"]
[BlackElo "2006"]
[EventRounds "5"]
[EventCountry "USA"]

1. e4 c6 2. d4 d5 3. exd5 cxd5 4. Bf4 Nc6 5. c3 Bf5 6. Bd3 Bxd3 7. Qxd3 e6 8.
Nf3 Bd6 9. Bxd6 Qxd6 10. O-O Nf6 11. Nbd2 O-O 12. Rfe1 b5 13. Ne5 b4 14. Re3
bxc3 15. bxc3 Ne7 16. Rh3 Ng6 17. Re1 Nf4 18. Qg3 Nxh3+ 19. Qxh3 Rfc8 20. Re3
Rab8 21. Rg3 Ne4 22. Qh5 Nxg3 23. Qxf7+ Kh8 24. hxg3 Rf8 25. Qxa7 Kg8 26. Qa4
Ra8 27. Qc2 Qa3 28. Ndf3 Qxa2 29. Qd3 Rab8 30. Qe3 Qb1+ 31. Kh2 Qf5 32. Nd7 h6
33. Nh4 Qf7 34. Nxf8 Rxf8 35. f4 Rc8 36. g4 Rc6 37. f5 exf5 38. Nxf5 Re6 39.
Qf3 Rf6 40. Qg3 h5 41. Qe5 Kh7 42. Qg3 hxg4 43. Ne3 Qh5+ 44. Kg1 Rg6 45. Kf2
Rf6+ 46. Ke2 Re6 47. Kf2 Re4 48. Ke2 Qf5 49. Kd2 Qe6 50. Qh4+ Kg6 51. Qg3 Kg5
52. Qf2 Rf4 53. Qg3 Qa6 54. Nc2 Qf1 55. Qe3 Qxg2+ 56. Kc1 Qe4 57. Qd2 g3 58.
Ne3 Qh1+ 59. Nd1 g2 60. Qe3 g1=Q 61. Qe5+ Kh6 {#R} 0-1

[Event "SIO (Open)"]
[Site "Twin Falls, ID"]
[Date "2013.11.02"]
[Round "4.1"]
[White "Gorman, Cody Austin"]
[Black "Kircher, Caleb Paul"]
[Result "0-1"]
[WhiteElo "1753"]
[BlackElo "1896"]
[EventRounds "4"]
[EventCountry "USA"]

1. b3 d5 2. Bb2 Nf6 3. e3 c6 4. Nf3 g6 5. Bxf6 exf6 6. c4 Bg7 7. cxd5 cxd5 8.
Bb5+ Bd7 9. Bxd7+ Qxd7 10. Nc3 O-O 11. O-O Nc6 12. d4 Rac8 13. Qd2 Rfd8 14.
Rab1 Bf8 15. Ne1 a6 16. Nd3 b6 17. Na4 Rb8 18. Qb2 Bd6 19. Nc3 Qf5 20. Qd2 Nb4
21. Nxb4 Bxb4 22. Qb2 Rdc8 23. Rfc1 Bxc3 24. Qe2 Bb4 25. Rf1 b5 26. a4 Rc2 27.
Qd1 Rbc8 28. g4 Qd7 29. Qf3 Kg7 30. h4 Qe6 31. Qf4 R8c3 32. h5 h6 33. hxg6
fxg6 34. axb5 axb5 35. Ra1 Bd6 36. Qf3 Rxb3 37. Ra7+ Rc7 38. Rfa1 Rbc3 39. Ra8
Rc1+ 40. Rxc1 Rxc1+ 41. Kg2 Qe4 {#R} 0-1

[Event "WIO (Open)"]
[Site "Boise, ID"]
[Date "2013.12.14"]
[Round "2.1"]
[White "Kircher, Caleb Paul"]
[Black "Jin, Benjamin"]
[Result "1-0"]
[WhiteElo "1454"]
[BlackElo "1909"]
[EventRounds "5"]
[EventCountry "USA"]

1. f4 f5 2. Nf3 Nf6 3. e3 c5 4. b3 Nc6 5. Bb2 d5 6. Bb5 e6 7. Bxc6+ bxc6 8.
Ne5 Qc7 9. O-O Ba6 10. d3 O-O-O 11. Nd2 Be7 12. Nf7 h6 13. Nxd8 Bxd8 14. Nf3
Rh7 15. c4 Ng4 16. Qe2 g5 17. Ne5 Bf6 18. Nxg4 Bxb2 19. Qxb2 fxg4 20. Qe5 Qe7
21. fxg5 hxg5 22. Rf2 Kd7 23. Raf1 {#r} 1-0

[Event "WIO (Open)"]
[Site "Boise, ID"]
[Date "2013.12.14"]
[Round "3.1"]
[White "Crosby, Jaime"]
[Black "Kircher, Caleb Paul"]
[Result "1-0"]
[WhiteElo "2244"]
[BlackElo "1909"]
[EventRounds "5"]
[EventCountry "USA"]

1. e4 d5 2. exd5 Nf6 3. Bb5+ Bd7 4. Bc4 Bg4 5. Nf3 Nxd5 6. O-O e6 7. d4 Nb6 8.
Bb3 Be7 9. c3 O-O 10. h3 Bf5 11. Re1 Bf6 12. Bf4 Nc6 13. Nbd2 Qd7 14. Ne4 Bxe4
15. Rxe4 Rad8 16. Qe2 Rfe8 17. Bg5 Bxg5 18. Nxg5 Nd5 19. Re1 h6 20. Nf3 Kf8
21. Ba4 Nf6 22. Ne5 Qd5 23. Rf4 Qxa2 24. Bxc6 bxc6 25. Qf3 Rd5 26. Rxf6 gxf6
27. Qxf6 Rxe5 28. dxe5 Qxb2 29. Qxh6+ Ke7 30. Qf6+ Kf8 31. Rd1 Qc2 32. Qh6+
Ke7 33. Qh4+ Kf8 34. Qb4+ Kg8 35. Rd4 Kg7 36. Rg4+ Kh7 37. Qf4 Qf5 38. Qg3
{#r} 1-0

[Event "WIO (Open)"]
[Site "Boise, ID"]
[Date "2013.12.15"]
[Round "4.2"]
[White "Kircher, Caleb Paul"]
[Black "Sanderson, Kenneth"]
[Result "1-0"]
[WhiteElo "1909"]
[BlackElo "1581"]
[EventRounds "5"]
[EventCountry "USA"]

1. e4 c5 2. Nc3 Nc6 3. f4 d6 4. Bb5 Bd7 5. Bxc6 Bxc6 6. Nf3 e6 7. O-O Nf6 8.
d3 Be7 9. b3 Qc7 10. Bb2 O-O-O 11. Qe2 Rhe8 12. Ng5 Bf8 13. e5 Nd5 14. Nxh7
Be7 15. Nxd5 exd5 16. Qg4+ Kb8 17. Ng5 Bxg5 18. Qxg5 d4 19. Rae1 Re6 20. f5
Rxe5 21. Rxe5 dxe5 22. Qxg7 Bd5 23. Bc1 Qd6 24. Bg5 Rf8 25. Bf6 Re8 26. Re1
Kc8 27. Rxe5 Rxe5 28. Bxe5 Qe7 29. Qg8+ Kd7 30. Qb8 Kc6 31. f6 Qd7 32. a4 Bxg2
33. Kxg2 Qg4+ 34. Bg3 Qe2+ 35. Bf2 Qg4+ 36. Qg3 {#r} 1-0